[Event "SE-2019-0-00289"]
[Site "LSS email"]
[Date "2019.01.03"]
[Round "?"]
[White "Casser, Aaron"]
[Black "Van Erps, Gert"]
[Result "1-0"]
[WhiteElo "1531"]
[BlackElo "1526"]
[PlyCount "21"]
[EventDate "2018.10.15"]
[EventType "tourn (corr)"]
[EventRounds "6"]
[EventCountry "GER"]
[SourceTitle "Corr 2022"]
[Source "ChessBase"]
[SourceDate "2021.10.24"]
[SourceVersion "1"]
[SourceVersionDate "2021.10.24"]
[SourceQuality "1"]

1. e4 c5 2. Nf3 e6 3. d4 cxd4 4. Nxd4 Nc6 5. Nc3 Nf6 6. Nxc6 bxc6 7. Bd3 Bb4 8. 0-0 Bxc3 9. bxc3 0-0 10. Bg5 h6 11. Bh4 1-0

[Event "SE-2019-0-00289"]
[Site "LSS email"]
[Date "2019.01.03"]
[Round "?"]
[White "Shim Ng Min, Francis"]
[Black "Van Erps, Gert"]
[Result "1-0"]
[WhiteElo "1240"]
[BlackElo "1526"]
[PlyCount "35"]
[EventDate "2018.10.15"]
[EventType "tourn (corr)"]
[EventRounds "6"]
[EventCountry "GER"]
[SourceTitle "Corr 2022"]
[Source "ChessBase"]
[SourceDate "2021.10.24"]
[SourceVersion "1"]
[SourceVersionDate "2021.10.24"]
[SourceQuality "1"]

1. e4 c5 2. Nf3 e6 3. d4 cxd4 4. Nxd4 Nc6 5. a3 Nf6 6. Nc3 Bc5 7. Be3 Qb6 8. Na4 Qa5+ 9. c3 Bxd4 10. Bxd4 Nxd4 11. Qxd4 d6 12. Bd3 Bd7 13. Bc2 0-0 14. 0-0 Rac8 15. b4 Qa6 16. Nb2 e5 17. Qe3 Rfd8 18. Rfd1 1-0

[Event "SE-2017-0-00254"]
[Site "LSS email"]
[Date "2017.07.22"]
[Round "?"]
[White "Van Erps, Gert"]
[Black "Lonyuk, Bohdan"]
[Result "0-1"]
[WhiteElo "1526"]
[BlackElo "1211"]
[PlyCount "20"]
[EventDate "2017.05.16"]
[EventType "tourn (corr)"]
[EventRounds "6"]
[EventCountry "GER"]
[SourceTitle "Corr 2022"]
[Source "ChessBase"]
[SourceDate "2021.10.24"]
[SourceVersion "1"]
[SourceVersionDate "2021.10.24"]
[SourceQuality "1"]

1. e4 c5 2. Nf3 Nc6 3. Nc3 e5 4. Bc4 Be7 5. d3 d6 6. 0-0 Nf6 7. Ng5 0-0 8. f4 Bg4 9. Qd2 h6 10. h3 Bh5 0-1

[Event "SD-2017-0-00270"]
[Site "LSS email"]
[Date "2017.01.03"]
[Round "?"]
[White "Kolanek, Sylwia"]
[Black "Van Erps, Gert"]
[Result "1-0"]
[WhiteElo "1693"]
[BlackElo "1595"]
[PlyCount "97"]
[EventDate "2016.11.02"]
[EventType "tourn (corr)"]
[EventRounds "6"]
[EventCountry "GER"]
[SourceTitle "Corr 2022"]
[Source "ChessBase"]
[SourceDate "2021.10.24"]
[SourceVersion "1"]
[SourceVersionDate "2021.10.24"]
[SourceQuality "1"]

1. d4 Nf6 2. c4 e6 3. Nf3 b6 4. g3 Bb7 5. Bg2 Be7 6. 0-0 0-0 7. Re1 c5 8. d5 exd5 9. Nh4 Ne4 10. cxd5 Bxh4 11. Bxe4 Bf6 12. Nc3 d6 13. Bf4 Ba6 14. Qc2 h6 15. Bh7+ Kh8 16. Bf5 Qe7 17. Rad1 Nd7 18. Qa4 Bc8 19. Qc6 Ne5 20. Bxe5 Bxe5 21. Qxa8 Bxf5 22. Qc6 Rc8 23. Qa4 a5 24. Qb3 Rb8 25. a4 Qf6 26. Rd2 Qg5 27. Qd1 Re8 28. e3 Qf6 29. Nb5 Bg6 30. e4 Qd8 31. f4 Bd4+ 32. Nxd4 cxd4 33. Rxd4 Qc8 34. f5 Bh7 35. Qd2 Qd8 36. Rc1 f6 37. b4 Bg8 38. b5 Qd7 39. Rc6 Rb8 40. Qf4 Rd8 41. Rdc4 Qe7 42. Rxb6 Qa7 43. Qf2 Qe7 44. Rbc6 Qe5 45. Qd4 Qe8 46. b6 Rb8 47. Rxd6 Qe7 48. Rdc6 Qf8 49. R4c5 1-0

[Event "LSS No Engine Cup 158 Preliminary 0"]
[Site "LSS email"]
[Date "2016.08.27"]
[Round "?"]
[White "Lenz, Juergen"]
[Black "Van Erps, Gert"]
[Result "1-0"]
[WhiteElo "1333"]
[BlackElo "1911"]
[PlyCount "93"]
[EventDate "2016.08.28"]
[EventType "tourn (corr)"]
[EventRounds "6"]
[EventCountry "GER"]
[SourceTitle "Corr 2022"]
[Source "ChessBase"]
[SourceDate "2021.10.24"]
[SourceVersion "1"]
[SourceVersionDate "2021.10.24"]
[SourceQuality "1"]

1. d4 d5 2. Nf3 Nf6 3. Bf4 g6 4. h3 Nc6 5. e3 Bg7 6. c4 e6 7. Nc3 0-0 8. Ne5 Bd7 9. Be2 a6 10. 0-0 dxc4 11. Nxc4 b5 12. Ne5 Nxe5 13. Bxe5 Re8 14. Bf3 c6 15. Rc1 Rc8 16. Qe2 Qb6 17. Bxf6 Bxf6 18. Ne4 Be7 19. Nc5 Bxc5 20. Rxc5 f6 21. Rfc1 Rc7 22. b4 Rec8 23. Qc2 Kg7 24. h4 h5 25. Be4 f5 26. Bf3 Kh7 27. e4 a5 28. a3 axb4 29. axb4 f4 30. d5 exd5 31. exd5 Bf5 32. Qc3 Re7 33. Rxc6 Rxc6 34. dxc6 Qc7 35. Qf6 Qe5 36. Qxe5 Rxe5 37. c7 Bc8 38. Rd1 Re7 39. Rc1 Re5 40. Bc6 Kg7 41. Ra1 Re7 42. Ra7 Kf6 43. Bxb5 Ke6 44. Bd3 Kd6 45. Bxg6 Rxc7 46. Rxc7 Kxc7 47. Bxh5 1-0

[Event "LSS No Engine Cup 158 Preliminary 0"]
[Site "LSS email"]
[Date "2016.08.27"]
[Round "?"]
[White "Van Erps, Gert"]
[Black "Boni, Roberto"]
[Result "1/2-1/2"]
[WhiteElo "1911"]
[BlackElo "1848"]
[PlyCount "83"]
[EventDate "2016.08.28"]
[EventType "tourn (corr)"]
[EventRounds "6"]
[EventCountry "GER"]
[SourceTitle "Corr 2022"]
[Source "ChessBase"]
[SourceDate "2021.10.24"]
[SourceVersion "1"]
[SourceVersionDate "2021.10.24"]
[SourceQuality "1"]

1. e4 c5 2. Nf3 d6 3. d4 cxd4 4. Nxd4 Nf6 5. Nc3 a6 6. Be3 e5 7. Nb3 Be7 8. Qd2 Be6 9. Bd3 Nbd7 10. 0-0 Ng4 11. h3 Nxe3 12. Qxe3 0-0 13. Nd5 Bxd5 14. exd5 f5 15. Qd2 e4 16. Be2 Ne5 17. Nd4 Qb6 18. Ne6 Rfc8 19. b3 Bf6 20. Rab1 Qa7 21. c4 Nf7 22. g4 fxg4 23. Bxg4 b5 24. Rbc1 bxc4 25. bxc4 Ne5 26. Be2 Nd7 27. Qf4 Be5 28. Qxe4 Nc5 29. Qg4 Nxe6 30. dxe6 Rf8 31. Bf3 Rab8 32. Bd5 Kh8 33. Rce1 Rb2 34. Re2 Rxe2 35. Qxe2 Qd4 36. e7 Re8 37. Qf3 Qf4 38. Qxf4 Bxf4 39. Re1 Be5 40. c5 Rxe7 41. c6 g6 42. Rc1 1/2-1/2

[Event "LSS No Engine Cup 158 Preliminary 0"]
[Site "LSS email"]
[Date "2016.08.27"]
[Round "?"]
[White "Van Erps, Gert"]
[Black "Popov, Misha"]
[Result "1-0"]
[WhiteElo "1911"]
[BlackElo "1431"]
[PlyCount "33"]
[EventDate "2016.08.28"]
[EventType "tourn (corr)"]
[EventRounds "6"]
[EventCountry "GER"]
[SourceTitle "Corr 2022"]
[Source "ChessBase"]
[SourceDate "2021.10.24"]
[SourceVersion "1"]
[SourceVersionDate "2021.10.24"]
[SourceQuality "1"]

1. e4 c5 2. Nf3 Nc6 3. d4 cxd4 4. Nxd4 Nf6 5. Nc3 e5 6. Nb3 Bb4 7. Bd2 Bxc3 8. Bxc3 Nxe4 9. Qg4 Ng5 10. Bd3 d5 11. Qe2 d4 12. Nxd4 Nxd4 13. Qxe5+ Nde6 14. 0-0-0 Qc7 15. Bb5+ Kf8 16. Qxc7 Nxc7 17. Bb4+ 1-0

[Event "LSS No Engine Cup 158 Preliminary 0"]
[Site "LSS email"]
[Date "2016.08.27"]
[Round "?"]
[White "Van Erps, Gert"]
[Black "Wilshusen, Horst"]
[Result "1-0"]
[WhiteElo "1911"]
[BlackElo "1680"]
[PlyCount "75"]
[EventDate "2016.08.28"]
[EventType "tourn (corr)"]
[EventRounds "6"]
[EventCountry "GER"]
[SourceTitle "Corr 2022"]
[Source "ChessBase"]
[SourceDate "2021.10.24"]
[SourceVersion "1"]
[SourceVersionDate "2021.10.24"]
[SourceQuality "1"]

1. e4 e6 2. d4 d5 3. Nc3 Bb4 4. e5 c5 5. a3 Bxc3+ 6. bxc3 Qc7 7. Qg4 Ne7 8. Qxg7 Rg8 9. Qxh7 cxd4 10. Ne2 Nbc6 11. Bb2 Nxe5 12. cxd4 Nc4 13. Bc3 Bd7 14. g3 0-0-0 15. Qxf7 Nf5 16. Bg2 Rdf8 17. Qh5 Bb5 18. a4 Ba6 19. 0-0 Rf6 20. Rab1 Rh6 21. Qf3 Rgh8 22. h3 Qg7 23. Nf4 Nfd6 24. Rfe1 Ne4 25. h4 Rf8 26. Bb4 Rf7 27. Bh3 Kb8 28. Bxe6 Rxe6 29. Nxe6 Qg8 30. Nf4 Ncd2 31. Bxd2 Nxd2 32. Qxd5 Nxb1 33. Rxb1 b6 34. a5 Bb7 35. Qe5+ Ka8 36. axb6 a6 37. Re1 Rf8 38. Ne6 1-0

[Event "LSS No Engine Cup 155 Preliminary 0"]
[Site "LSS email"]
[Date "2016.06.14"]
[Round "?"]
[White "Liles, Chris"]
[Black "Van Erps, Gert"]
[Result "0-1"]
[WhiteElo "1156"]
[BlackElo "1916"]
[PlyCount "66"]
[EventDate "2016.06.15"]
[EventType "tourn (corr)"]
[EventRounds "6"]
[EventCountry "GER"]
[SourceTitle "Corr 2022"]
[Source "ChessBase"]
[SourceDate "2021.10.24"]
[SourceVersion "1"]
[SourceVersionDate "2021.10.24"]
[SourceQuality "1"]

1. d4 Nf6 2. Nf3 g6 3. e3 Bg7 4. Be2 0-0 5. 0-0 d6 6. c4 b6 7. Nc3 Nbd7 8. b4 Bb7 9. a4 e6 10. a5 a6 11. b5 axb5 12. Nxb5 Ne4 13. Qc2 bxa5 14. Bd3 f5 15. Qb3 Ndc5 16. Qc2 Nxd3 17. Qxd3 c6 18. Nc3 Nxc3 19. Qxc3 c5 20. Rb1 Bxf3 21. gxf3 Qg5+ 22. Kh1 Qh4 23. f4 Qh3 24. Rg1 cxd4 25. Qd3 Qf3+ 26. Rg2 Rfb8 27. Kg1 Rxb1 28. Qd2 dxe3 29. fxe3 Bb2 30. Rf2 Bxc1 31. Qc2 Bxe3+ 32. Qxb1 Qxf2+ 33. Kh1 Qf3# 0-1

[Event "LSS No Engine Cup 155 Preliminary 0"]
[Site "LSS email"]
[Date "2016.06.14"]
[Round "?"]
[White "Van Erps, Gert"]
[Black "Lauer, Frederic"]
[Result "1-0"]
[WhiteElo "1916"]
[BlackElo "1465"]
[PlyCount "87"]
[EventDate "2016.06.15"]
[EventType "tourn (corr)"]
[EventRounds "6"]
[EventCountry "GER"]
[SourceTitle "Corr 2022"]
[Source "ChessBase"]
[SourceDate "2021.10.24"]
[SourceVersion "1"]
[SourceVersionDate "2021.10.24"]
[SourceQuality "1"]

1. d4 f5 2. g3 Nf6 3. Bg2 e6 4. c4 Bb4+ 5. Bd2 Bxd2+ 6. Nxd2 0-0 7. e3 d5 8. Ngf3 c6 9. 0-0 Ne4 10. c5 Nd7 11. Qc2 Ndf6 12. Ne5 Nxd2 13. Qxd2 Ne4 14. Bxe4 fxe4 15. a4 Bd7 16. Qe2 Be8 17. Rfb1 Qf6 18. a5 a6 19. Rf1 Qe7 20. f4 Qc7 21. Qg4 Rf5 22. b4 Bh5 23. Qh3 Be2 24. Rf2 Bb5 25. g4 Rff8 26. g5 Rf5 27. Kh1 g6 28. Rg1 Re8 29. Rfg2 Qg7 30. Ng4 Kh8 31. Rd1 Bc4 32. Ne5 Bb5 33. Qg4 Re7 34. h4 Kg8 35. h5 Kf8 36. hxg6 hxg6 37. Rh2 Ke8 38. Rh6 Kd8 39. Rxg6 Qh8+ 40. Rh6 Rh7 41. Qxf5 Rxh6+ 42. gxh6 Qxh6+ 43. Kg2 Bf1+ 44. Rxf1 1-0

[Event "SD-2016-0-00257"]
[Site "LSS email"]
[Date "2016.06.08"]
[Round "?"]
[White "Chura, Michal"]
[Black "Van Erps, Gert"]
[Result "0-1"]
[WhiteElo "1897"]
[BlackElo "1607"]
[PlyCount "80"]
[EventDate "2016.03.02"]
[EventType "tourn (corr)"]
[EventRounds "6"]
[EventCountry "GER"]
[SourceTitle "Corr 2022"]
[Source "ChessBase"]
[SourceDate "2021.10.24"]
[SourceVersion "1"]
[SourceVersionDate "2021.10.24"]
[SourceQuality "1"]

1. f4 d5 2. Nf3 g6 3. e3 Bg7 4. Be2 Nf6 5. 0-0 0-0 6. d3 c5 7. Nbd2 b6 8. Qe1 Bb7 9. Ne5 Nbd7 10. Nxd7 Qxd7 11. Rf3 d4 12. e4 e6 13. Qh4 h5 14. Nc4 Rad8 15. Bd2 Ba6 16. Ne5 Qb5 17. b3 Nxe4 18. a4 Qe8 19. Rh3 Bf6 20. Qe1 Nxd2 21. Qxd2 Bb7 22. Rf1 Qe7 23. Bf3 Bxf3 24. Rfxf3 Rd5 25. Rfg3 Bxe5 26. fxe5 Rxe5 27. Qh6 Qf6 28. Rf3 Re1+ 29. Kf2 Qe5 30. Rxh5 Re2+ 31. Kf1 gxh5 32. Rg3+ Qxg3 33. hxg3 Re5 34. Kf2 Rf5+ 35. Ke2 Rd8 36. g4 hxg4 37. Qh4 Rdd5 38. Qxg4+ Rg5 39. Qf4 Rxg2+ 40. Kd1 Rh5 0-1

[Event "SD-2016-0-00257"]
[Site "LSS email"]
[Date "2016.06.08"]
[Round "?"]
[White "Van Erps, Gert"]
[Black "Evans, Stan"]
[Result "0-1"]
[WhiteElo "1607"]
[BlackElo "1454"]
[PlyCount "112"]
[EventDate "2016.03.02"]
[EventType "tourn (corr)"]
[EventRounds "6"]
[EventCountry "GER"]
[SourceTitle "Corr 2022"]
[Source "ChessBase"]
[SourceDate "2021.10.24"]
[SourceVersion "1"]
[SourceVersionDate "2021.10.24"]
[SourceQuality "1"]

1. d4 f5 2. g3 Nf6 3. Bg2 e6 4. c4 Be7 5. Nc3 0-0 6. Nf3 d6 7. 0-0 a5 8. b3 Ne4 9. Qc2 Nxc3 10. Qxc3 Nc6 11. e3 Bf6 12. Bb2 Qe8 13. Rfe1 e5 14. dxe5 dxe5 15. Rad1 e4 16. Nd4 Nb4 17. a3 Nd3 18. Rxd3 exd3 19. Qxd3 Qe7 20. Qc2 Rd8 21. Nf3 Ra6 22. Bxf6 Rxf6 23. c5 b6 24. b4 axb4 25. axb4 bxc5 26. bxc5 Bb7 27. Rc1 Be4 28. Qb3+ Bd5 29. Qb5 Kh8 30. Nd4 h6 31. Bxd5 Rxd5 32. Qb7 Rxc5 33. Ra1 Rb6 34. Qa8+ Kh7 35. Qc8 Qe4 36. Rf1 Rb1 37. Rxb1 Qxb1+ 38. Kg2 Qe4+ 39. Nf3 Rc2 40. Qd7 Re2 41. Qf7 Rb2 42. h4 c5 43. h5 c4 44. Qg6+ Kh8 45. Qa6 Kg8 46. Qc8+ Kh7 47. Qc5 Rb3 48. Qd4 c3 49. Qxe4 fxe4 50. Nd4 Rb2 51. g4 c2 52. Nxc2 Rxc2 53. Kg3 g5 54. Kg2 Kg7 55. Kg3 Kf6 56. Kg2 Ke6 0-1

[Event "SD-2016-0-00257"]
[Site "LSS email"]
[Date "2016.06.08"]
[Round "?"]
[White "Vogel, Helmut"]
[Black "Van Erps, Gert"]
[Result "1/2-1/2"]
[WhiteElo "1437"]
[BlackElo "1607"]
[PlyCount "93"]
[EventDate "2016.03.02"]
[EventType "tourn (corr)"]
[EventRounds "6"]
[EventCountry "GER"]
[SourceTitle "Corr 2022"]
[Source "ChessBase"]
[SourceDate "2021.10.24"]
[SourceVersion "1"]
[SourceVersionDate "2021.10.24"]
[SourceQuality "1"]

1. e4 c5 2. Nf3 e6 3. d4 cxd4 4. Nxd4 a6 5. Bd3 Nf6 6. 0-0 d6 7. c4 Nbd7 8. Nc3 b6 9. f3 Bb7 10. b3 Be7 11. Be3 Nc5 12. Bc2 0-0 13. Qd2 Qc7 14. Nce2 Rfd8 15. Ng3 Rac8 16. a4 h6 17. Rfe1 Nfd7 18. a5 Ne5 19. axb6 Qxb6 20. Qa5 Qxa5 21. Rxa5 g5 22. Ra2 Rb8 23. Rd1 Bf6 24. Nde2 Nc6 25. Bd4 Bxd4+ 26. Nxd4 Nb4 27. Rb2 a5 28. Nge2 d5 29. exd5 exd5 30. Nc3 dxc4 31. bxc4 Ba6 32. Ndb5 Rxd1+ 33. Bxd1 Rd8 34. Be2 Kg7 35. Ne4 Nxe4 36. fxe4 Kf6 37. Nc7 Bb7 38. Nd5+ Ke5 39. Nxb4 axb4 40. Rxb4 Bxe4 41. Kf2 f5 42. Rb5+ Kd4 43. Rb6 Rh8 44. g3 f4 45. gxf4 gxf4 46. Rd6+ Ke5 47. Rb6 1/2-1/2

[Event "SE-2015-0-00215"]
[Site "LSS email"]
[Date "2015.12.23"]
[Round "?"]
[White "Van Erps, Gert"]
[Black "Lonyuk, Bohdan"]
[Result "1-0"]
[WhiteElo "1564"]
[BlackElo "1314"]
[PlyCount "47"]
[EventDate "2015.10.14"]
[EventType "tourn (corr)"]
[EventRounds "6"]
[EventCountry "GER"]
[SourceTitle "Corr 2022"]
[Source "ChessBase"]
[SourceDate "2021.10.24"]
[SourceVersion "1"]
[SourceVersionDate "2021.10.24"]
[SourceQuality "1"]

1. d4 g6 2. c4 Bg7 3. Nf3 d6 4. Nc3 Bg4 5. e3 c5 6. Be2 cxd4 7. exd4 Nh6 8. 0-0 Nc6 9. Bxh6 Bxh6 10. h3 Bxf3 11. Bxf3 Bg7 12. Bxc6+ bxc6 13. Qf3 Bxd4 14. Qxc6+ Kf8 15. Qe4 Bxc3 16. bxc3 Rc8 17. Rab1 Qd7 18. Rfe1 e6 19. Qd4 Ke7 20. Rb2 e5 21. Rxe5+ dxe5 22. Qxe5+ Qe6 23. Rb7+ Kf8 24. Qxh8# 1-0

[Event "LSS No Engine Cup 144 Preliminary 0"]
[Site "LSS email"]
[Date "2015.12.08"]
[Round "?"]
[White "Van Erps, Gert"]
[Black "Sabbatini, Giuseppe"]
[Result "1/2-1/2"]
[WhiteElo "1918"]
[BlackElo "2062"]
[PlyCount "113"]
[EventDate "2015.12.09"]
[EventType "tourn (corr)"]
[EventRounds "6"]
[EventCountry "GER"]
[SourceTitle "Corr 2022"]
[Source "ChessBase"]
[SourceDate "2021.10.24"]
[SourceVersion "1"]
[SourceVersionDate "2021.10.24"]
[SourceQuality "1"]

1. d4 Nf6 2. c4 g6 3. Nc3 d5 4. cxd5 Nxd5 5. Bd2 Bg7 6. Nf3 0-0 7. e4 Nxc3 8. Bxc3 Bg4 9. Be2 e5 10. Nxe5 Bxe2 11. Qxe2 c5 12. dxc5 Qe7 13. Nc4 Bxc3+ 14. bxc3 Qxc5 15. 0-0 Nc6 16. Rab1 b6 17. Rfd1 Rfd8 18. h3 Rac8 19. a4 Kg7 20. e5 Rxd1+ 21. Rxd1 Re8 22. Re1 a6 23. Rb1 b5 24. axb5 axb5 25. Ne3 Rxe5 26. Qd2 h5 27. Rd1 Ne7 28. Qb2 Nf5 29. Nxf5+ Rxf5 30. Rd8 Re5 31. Qd2 Re4 32. Rd5 Qc6 33. Rd4 Re7 34. Kh2 Rc7 35. Rd3 Qf6 36. Kg1 Rc4 37. Rf3 Qc6 38. Rd3 Ra4 39. Rd6 Qc5 40. Rd5 Qc4 41. Rd4 Ra1+ 42. Kh2 Ra2 43. Rxc4 Rxd2 44. Rc5 Rxf2 45. Rxb5 Rc2 46. Rc5 h4 47. c4 Kf6 48. Rc6+ Kg5 49. c5 Rc1 50. Rc7 f5 51. c6 Rc3 52. Rc8 Rc2 53. Rc7 Rc5 54. Rc8 Rc3 55. Rc7 Rc4 56. Rc8 Rc5 57. Rc7 1/2-1/2

[Event "RE-2015-0-00164"]
[Site "LSS email"]
[Date "2015.12.07"]
[Round "?"]
[White "Sofia, Gerardo"]
[Black "Van Erps, Gert"]
[Result "1-0"]
[WhiteElo "1482"]
[BlackElo "1564"]
[PlyCount "119"]
[EventDate "2015.09.21"]
[EventType "tourn (corr)"]
[EventRounds "6"]
[EventCountry "GER"]
[SourceTitle "Corr 2022"]
[Source "ChessBase"]
[SourceDate "2021.10.24"]
[SourceVersion "1"]
[SourceVersionDate "2021.10.24"]
[SourceQuality "1"]

1. e4 c5 2. Nf3 Nc6 3. d4 cxd4 4. Nxd4 Nf6 5. Nc3 e5 6. Ndb5 d6 7. Nd5 Nxd5 8. exd5 Nb8 9. Be3 a6 10. Nc3 Nd7 11. Qg4 Nf6 12. Qb4 Be7 13. Bd3 0-0 14. Bb6 Qd7 15. 0-0 Qg4 16. f4 Nd7 17. Be3 b5 18. Be2 Qh4 19. a4 bxa4 20. Qxa4 Rb8 21. b3 Nb6 22. Qa5 Bd8 23. Qa3 Qe7 24. Rad1 Nd7 25. f5 Nf6 26. h3 Bb6 27. Bxb6 Rxb6 28. Qc1 Re8 29. Qe3 Qb7 30. g4 h6 31. Kh2 a5 32. g5 hxg5 33. Qxg5 Nh7 34. Qg3 f6 35. Ra1 Qc7 36. Bb5 Bd7 37. Bxd7 Qxd7 38. Rxa5 Rb4 39. Ra4 Rxa4 40. Nxa4 Qb7 41. Rg1 e4 42. h4 Re5 43. c4 e3 44. Nb2 e2 45. Nd3 Re7 46. Nf4 Re4 47. Ne6 e1Q 48. Rxe1 Rxe1 49. Qxe1 Qxb3 50. Qg3 Qxg3+ 51. Kxg3 Nf8 52. Nxf8 Kxf8 53. Kf4 Ke7 54. Ke4 Kd7 55. Kd4 Ke7 56. c5 Kd7 57. cxd6 Kxd6 58. h5 Ke7 59. Kc5 Kd7 60. d6 1-0

[Event "SE-2015-0-00215"]
[Site "LSS email"]
[Date "2015.12.07"]
[Round "?"]
[White "Van Erps, Gert"]
[Black "Salazar Moran, Alejandro Fortunato"]
[Result "1-0"]
[WhiteElo "1564"]
[BlackElo "1480"]
[PlyCount "75"]
[EventDate "2015.10.14"]
[EventType "tourn (corr)"]
[EventRounds "6"]
[EventCountry "GER"]
[SourceTitle "Corr 2022"]
[Source "ChessBase"]
[SourceDate "2021.10.24"]
[SourceVersion "1"]
[SourceVersionDate "2021.10.24"]
[SourceQuality "1"]

1. d4 Nf6 2. c4 e5 3. dxe5 Ng4 4. Nf3 Bc5 5. e3 Nc6 6. Nc3 Ngxe5 7. Be2 0-0 8. 0-0 d6 9. h3 Nxf3+ 10. Bxf3 Ne5 11. b3 Re8 12. Bb2 a5 13. Ne4 Bb6 14. c5 Bxc5 15. Nxc5 Nxf3+ 16. Qxf3 dxc5 17. Rfd1 Qe7 18. Rac1 Ra6 19. Rd5 b6 20. Rcd1 Be6 21. R5d3 a4 22. bxa4 Rxa4 23. a3 Raa8 24. e4 c4 25. Rd4 Ra5 26. Qc3 Rb5 27. Rd7 Qg5 28. f4 Qc5+ 29. Kh1 Qf8 30. Rxc7 Rb3 31. Qd4 f6 32. a4 Re7 33. Rxe7 Qxe7 34. f5 Bxf5 35. exf5 Qc7 36. Qd5+ Kf8 37. Bc1 Rd3 38. Qa8+ 1-0

[Event "SE-2015-0-00205"]
[Site "LSS email"]
[Date "2015.08.01"]
[Round "?"]
[White "Wilshusen, Horst"]
[Black "Van Erps, Gert"]
[Result "0-1"]
[WhiteElo "1298"]
[BlackElo "1550"]
[PlyCount "92"]
[EventDate "2015.06.07"]
[EventType "tourn (corr)"]
[EventRounds "6"]
[EventCountry "GER"]
[SourceTitle "Corr 2022"]
[Source "ChessBase"]
[SourceDate "2021.10.24"]
[SourceVersion "1"]
[SourceVersionDate "2021.10.24"]
[SourceQuality "1"]

1. e4 c5 2. Nf3 d6 3. d4 cxd4 4. Nxd4 Nf6 5. Nc3 a6 6. Bg5 e6 7. f4 Qb6 8. Nb3 Be7 9. Qf3 Nbd7 10. 0-0-0 Qc7 11. Bh4 b5 12. a3 Bb7 13. Bd3 Nc5 14. Kb1 0-0 15. Rhg1 Nxb3 16. cxb3 b4 17. Na4 bxa3 18. bxa3 Bc6 19. Nb2 Rab8 20. Ka2 Nxe4 21. Bxe4 Bxe4 22. Qxe4 Bxh4 23. Rc1 Qb6 24. Qd3 d5 25. g4 Rfc8 26. g5 Bf2 27. Rgf1 Be3 28. Rc2 Rxc2 29. Qxc2 Qd6 30. Nd3 a5 31. Rf3 Bd4 32. h4 Qa6 33. h5 Rc8 34. Qd1 Qb6 35. Ne5 Qc5 36. Rd3 Be3 37. g6 f6 38. Nd7 Qa7 39. Qg4 Rc2+ 40. Kb1 f5 41. gxh7+ Kh8 42. Qg6 Rc1+ 43. Kb2 Rc8 44. Qxe6 Bc1+ 45. Kb1 Qg1 46. Qxd5 Bd2+ 0-1

[Event "LSS No Engine Cup 135 Preliminary 0"]
[Site "LSS email"]
[Date "2015.07.26"]
[Round "?"]
[White "Van Erps, Gert"]
[Black "Le Duigou, Jean Guy"]
[Result "1-0"]
[WhiteElo "1600"]
[BlackElo "1675"]
[PlyCount "47"]
[EventDate "2015.07.27"]
[EventType "tourn (corr)"]
[EventRounds "6"]
[EventCountry "GER"]
[SourceTitle "Corr 2022"]
[Source "ChessBase"]
[SourceDate "2021.10.24"]
[SourceVersion "1"]
[SourceVersionDate "2021.10.24"]
[SourceQuality "1"]

1. d4 Nf6 2. c4 e6 3. Nc3 Bb4 4. Qc2 d5 5. a3 Be7 6. cxd5 exd5 7. Bf4 c6 8. e3 0-0 9. Nf3 Bg4 10. Be2 Nbd7 11. h3 Bh5 12. 0-0 Bg6 13. Bd3 Bxd3 14. Qxd3 Re8 15. Rfc1 a5 16. Rab1 Nf8 17. Ne2 Ng6 18. Ng3 Nxf4 19. exf4 Bd6 20. Ne5 Ne4 21. Re1 f6 22. Nxe4 fxe5 23. dxe5 Be7 24. Ng3 1-0

[Event "LSS No Engine Cup 135 Preliminary 0"]
[Site "LSS email"]
[Date "2015.07.26"]
[Round "?"]
[White "Wittlieb, Friedhelm"]
[Black "Van Erps, Gert"]
[Result "0-1"]
[WhiteElo "1248"]
[BlackElo "1600"]
[PlyCount "36"]
[EventDate "2015.07.27"]
[EventType "tourn (corr)"]
[EventRounds "6"]
[EventCountry "GER"]
[SourceTitle "Corr 2022"]
[Source "ChessBase"]
[SourceDate "2021.10.24"]
[SourceVersion "1"]
[SourceVersionDate "2021.10.24"]
[SourceQuality "1"]

1. e4 c5 2. Nf3 d6 3. Bb5+ Bd7 4. Nc3 Bxb5 5. Nxb5 Nc6 6. Qe2 e6 7. e5 a6 8. Nxd6+ Bxd6 9. 0-0 Bc7 10. d3 Nge7 11. Bf4 Nd4 12. Qd2 Nxf3+ 13. gxf3 Qd5 14. Qe2 Ng6 15. c4 Nxf4 16. Qc2 Qxf3 17. Qa4+ Ke7 18. b4 Qg2# 0-1

[Event "SE-2015-0-00200"]
[Site "LSS email"]
[Date "2015.05.21"]
[Round "?"]
[White "Razo, Ryan Jose"]
[Black "Van Erps, Gert"]
[Result "0-1"]
[WhiteElo "1476"]
[BlackElo "1550"]
[PlyCount "90"]
[EventDate "2015.03.22"]
[EventType "tourn (corr)"]
[EventRounds "6"]
[EventCountry "GER"]
[SourceTitle "Corr 2022"]
[Source "ChessBase"]
[SourceDate "2021.10.24"]
[SourceVersion "1"]
[SourceVersionDate "2021.10.24"]
[SourceQuality "1"]

1. d4 Nf6 2. c4 e6 3. g3 d5 4. Bg2 dxc4 5. Nf3 Nc6 6. 0-0 Be7 7. Qa4 0-0 8. Qxc4 Qd5 9. Qa4 Bd7 10. Qd1 Rad8 11. Nc3 Qa5 12. e4 e5 13. d5 Bg4 14. Qe1 Nd4 15. Nxe5 Nc2 16. Qd2 Nxa1 17. Nxg4 Nxg4 18. Qe2 Nb3 19. axb3 Nf6 20. Bf4 c6 21. dxc6 bxc6 22. e5 Nd5 23. Nxd5 cxd5 24. Rd1 d4 25. Be4 Qb6 26. Qh5 g6 27. Qf3 Qe6 28. h4 a5 29. Bc6 d3 30. Bb5 Qxb3 31. Bxd3 Rd7 32. Qe2 Rfd8 33. Rc1 Qxd3 34. Qxd3 Rxd3 35. Kg2 Rb3 36. Rc7 Re8 37. Ra7 Bb4 38. Rd7 Rxb2 39. Rd5 a4 40. Bh6 a3 41. Bc1 Bc3 42. Bxb2 axb2 43. Rb5 Rxe5 44. Rb8+ Kg7 45. Rb3 Re1 0-1

[Event "LSS No Engine Cup 125 Preliminary 0"]
[Site "LSS email"]
[Date "2015.02.12"]
[Round "?"]
[White "Korinek, Jaroslav"]
[Black "Van Erps, Gert"]
[Result "1-0"]
[WhiteElo "2014"]
[BlackElo "1600"]
[PlyCount "79"]
[EventDate "2015.02.13"]
[EventType "tourn (corr)"]
[EventRounds "6"]
[EventCountry "GER"]
[SourceTitle "Corr 2022"]
[Source "ChessBase"]
[SourceDate "2021.10.24"]
[SourceVersion "1"]
[SourceVersionDate "2021.10.24"]
[SourceQuality "1"]

1. d4 d5 2. Nf3 c6 3. Bf4 Qb6 4. Qc1 Bf5 5. e3 e6 6. c4 Nf6 7. Nc3 Nbd7 8. c5 Qd8 9. b4 Be7 10. h3 0-0 11. Be2 b5 12. a4 a5 13. axb5 axb4 14. bxc6 bxc3 15. cxd7 c2 16. 0-0 Rxa1 17. Qxa1 Nxd7 18. Qc3 Qa8 19. Bd3 Bxd3 20. Qxd3 Rc8 21. Qxc2 h6 22. Qb2 Bf6 23. Ra1 Qc6 24. Rb1 Nxc5 25. Rc1 Qa8 26. Qc2 Be7 27. Ne5 Qa7 28. Qd1 Bd6 29. Nd3 Bf8 30. dxc5 Qa6 31. Ra1 Qc6 32. Ra7 Bxc5 33. Rxf7 Qe8 34. Rb7 Bf8 35. Qg4 h5 36. Qg5 Kh7 37. Ne5 Rc1+ 38. Kh2 Rc8 39. Rf7 Kg8 40. Qg6 1-0